Financial Management/ (Record no. 30386)

MARC details
000 -LEADER
fixed length control field 00903 2200217 4500
008 - FIXED-LENGTH DATA ELEMENTS--GENERAL INFORMATION
fixed length control field 090914t xxu||||| |||| 00| 0 eng d
010 ## - LCCN (DPL NO)
LC control number B-307694
020 ## - INTERNATIONAL STANDARD BOOK NUMBER
International Standard Book Number 9781403926678
Terms of availability 245-00
035 ## - SYSTEM CONTROL NUMBER
System control number B-307694
037 ## - SOURCE OF ACQUISITION
Stock number UBH
Source of stock number/acquisition RP/CL/E;10/56/19-11-08/26-11-08/26-11-08/30-11-08
040 ## - CATALOGING SOURCE
Original cataloging agency dpl
Language of cataloging eng
082 ## - DEWEY DECIMAL CLASSIFICATION NUMBER
Classification number 658.151122
100 ## - MAIN ENTRY--PERSONAL NAME
Personal name Maheswari,Akila
245 ## - TITLE STATEMENT
Title Financial Management/
Statement of responsibility, etc by Akila Maheswari,D.R.Gangopadhya,A.N.Chakrabarti& P.S.R. Prasad
260 ## - PUBLICATION, DISTRIBUTION, ETC. (IMPRINT)
Place of publication, distribution, etc New Delhi
Name of publisher, distributor, etc Macmillan India Ltd
Date of publication, distribution, etc 2008
270 ## - ADDRESS
Address 2/10 Ansari Road Darya Ganj
City New Delhi
Postal code 110002
300 ## - PHYSICAL DESCRIPTION
Extent 431p
Dimensions 24cm
942 ## - ADDED ENTRY ELEMENTS (KOHA)
Source of classification or shelving scheme Dewey Decimal Classification
Item type English Books
Classification part 658.151122
Call number suffix MAH
Holdings
Withdrawn status Lost status Source of classification or shelving scheme Damaged status Not for loan Home library Current library Date acquired Cost, normal purchase price Total Checkouts Full call number Barcode Date last seen Copy number Cost, replacement price Koha item type
    Dewey Decimal Classification     Central Library Central Library 26/11/2008 245.00 1 658.151122 MAH B-307694 12/03/2021 1 245.00 English Books

© Delhi Public Library
Hit Counter
free hit counter